Многомерный статистический анализ результатов ЕГЭ поступивших на физико-технические направления подготовки; Физико-технические проблемы в науке, промышленности и медицине

Podrobná bibliografie
Parent link:Физико-технические проблемы в науке, промышленности и медицине.— 2015.— [С. 116-117]
Hlavní autor: Новосельцева Д. А.
Korporace: Национальный исследовательский Томский политехнический университет (ТПУ) Физико-технический институт (ФТИ) Кафедра высшей математики (ВМ), Национальный исследовательский Томский политехнический университет (ТПУ) Физико-технический институт (ФТИ) Кафедра высшей математики и математической физики (ВММФ)
Další autoři: Михальчук А. А. Александр Александрович
Shrnutí:Заглавие с титульного экрана
Jazyk:ruština
Vydáno: 2015
Edice:Математическое моделирование в фундаментальных и прикладных исследованиях
Témata:
On-line přístup:http://earchive.tpu.ru/handle/11683/17624
http://www.lib.tpu.ru/fulltext/c/2015/C49/092.pdf
Médium: MixedMaterials Elektronický zdroj Kapitola
KOHA link:https://koha.lib.tpu.ru/cgi-bin/koha/opac-detail.pl?biblionumber=612688

MARC

LEADER 00000naa2a2200000 4500
001 612688
005 20260425172751.0
035 |a (RuTPU)RU\TPU\conf\10819 
035 |a RU\TPU\conf\10818 
090 |a 612688 
100 |a 20150624d2015 k y0rusy50 ca 
101 0 |a rus 
102 |a RU 
135 |a drgn ---uucaa 
181 0 |a i  
182 0 |a b 
200 1 |a Многомерный статистический анализ результатов ЕГЭ поступивших на физико-технические направления подготовки  |f Д. А. Новосельцева, А. А. Михальчук 
203 |a Текст  |c электронный 
225 1 |a Математическое моделирование в фундаментальных и прикладных исследованиях 
300 |a Заглавие с титульного экрана 
320 |a [Библиогр.: с. 117 (2 назв.)] 
337 |a Adobe Reader 
463 1 |0 (RuTPU)RU\TPU\conf\10637  |t Физико-технические проблемы в науке, промышленности и медицине  |o сборник тезисов докладов VII Международной научно-практической конференции, г. Томск, 3-6 июня 2015 г.  |f Национальный исследовательский Томский политехнический университет (ТПУ) ; под ред. А. Н. Дьяченко [и др.]  |v [С. 116-117]  |d 2015 
610 1 |a труды учёных ТПУ 
610 1 |a электронный ресурс 
610 1 |a статистический анализ 
610 1 |a ЕГЭ 
610 1 |a физико-техническое образование 
610 1 |a кластерный анализ 
610 1 |a вступительные испытания 
700 1 |a Новосельцева  |b Д. А. 
701 1 |a Михальчук  |b А. А.  |c математик  |c доцент Томского политехнического университета, кандидат физико-математических наук  |f 1954-  |g Александр Александрович  |3 (RuTPU)RU\TPU\pers\27011 
712 0 2 |a Национальный исследовательский Томский политехнический университет (ТПУ)  |b Физико-технический институт (ФТИ)  |b Кафедра высшей математики (ВМ)  |3 (RuTPU)RU\TPU\col\18728 
712 0 2 |a Национальный исследовательский Томский политехнический университет (ТПУ)  |b Физико-технический институт (ФТИ)  |b Кафедра высшей математики и математической физики (ВММФ)  |3 (RuTPU)RU\TPU\col\18727 
801 2 |a RU  |b 63413507  |c 20210210  |g RCR 
856 4 |u http://earchive.tpu.ru/handle/11683/17624 
856 4 |u http://www.lib.tpu.ru/fulltext/c/2015/C49/092.pdf 
942 |c BK